| 000 | 02569nam0a2200421 4500 | ||
|---|---|---|---|
| 001 | RU\NLR\bibl\936499 | ||
| 005 | 20260405212602.0 | ||
| 010 |
_a5-88570-163-5 _9300 |
||
| 035 | _a(nilc)RSL-KNO-002512718 | ||
| 035 | _a(NLR Aleph) 000924699 | ||
| 090 |
_a121980 _c121980 |
||
| 100 | _a20040930d2004 |||y0rusy50 ca | ||
| 101 | 0 | _arus | |
| 102 | _aRU | ||
| 105 | _aa ||||||||| | ||
| 106 | _ar | ||
| 200 | 1 |
_aЙоддефицитные заболевания в Хабаровском крае _fБ. З. Сиротин, Р. В. Захаренко _gМ-во здравоохранения Рос. Федерации, Дальневост. гос. мед. ун-т |
|
| 210 |
_aХабаровск _cРИОТИП _d2004 _gДВ АГП |
||
| 215 |
_a124 с., [2] л. цв. ил. _cил. _d20 |
||
| 300 | _aНа 4-й с. обл. авт.: Сиротин Б.З., д.м.н., проф., засл. деят.науки Рос. Федерации, Захаренко Р.В., к.м.н. | ||
| 320 | _aБиблиогр.: с. 106-124 (359 назв.) | ||
| 606 | 1 |
_aЙодная недостаточность _yХабаровский край _92422626 _3RU\NLR\auth\661442626 |
|
| 610 | 0 | _aЗдравоохранение. Медицинские науки -- Общая гигиена -- Российская Федерация -- Медицинская экология -- Факторы внешней среды и их гигиеническая оценка -- Химические факторы внешней среды и их гигиеническая оценка -- Микроэлементы и их гигиеническое значение -- Йод и проблемы йодизации населения | |
| 610 | 0 | _aЗдравоохранение. Медицинские науки -- Организация здравоохранения -- Российская Федерация -- Медицинская география -- Хабаровский край | |
| 686 |
_aР120.121.2,0 _2rubbk |
||
| 686 |
_aР11(2)09(2Р55-4Х),0 _2rubbk |
||
| 686 | _aР11(2)062.415.202.9 | ||
| 686 | _aР11(2)062.415.12 | ||
| 686 | _aР415.202.9 | ||
| 686 | _aР415.12 | ||
| 700 | 1 |
_4070 _8rus _7ca _aСиротин _bБ. З. _cд-р мед. наук _f1928- _gБорис Залманович _3RU\NLR\auth\7795661 _978587 |
|
| 701 | 1 |
_aЗахаренко _bР. В. _gРаиса Васильевна _4070 |
|
| 801 | 0 |
_aRU _bРКП _c20040930 |
|
| 801 | 1 |
_aRU _bРГБ _c20040930 |
|
| 801 | 2 |
_aRU _bNLR _c20060420 _grcr |
|
| 942 | _cBOOK | ||
| 980 | _aNB | ||